| 000 | 01084nam a22001457a 4500 | ||
|---|---|---|---|
| 999 |
_c522871 _d522871 |
||
| 008 | 230609b ||||| |||| 00| 0 eng d | ||
| 100 |
_aAkbar, Prottoy et al _941686 |
||
| 245 | _aMobility and congestion in Urban India | ||
| 260 | _aThe American Economic Review | ||
| 300 | _a113(4), Apr, 2023: p.1083-1111 | ||
| 520 | _aWe develop a methodology to estimate robust city-level vehicular speed indices, exactly decomposable into uncongested speed and congestion. We apply it to 180 Indian cities using 57 million simulated trips measured by a web mapping service. We verify the reliability of our simulated trips using a number of alternative data sources, including data on actual trips. We find wide variation in speed across cities that is driven more by differences in uncongested speed than congestion. Denser and more populated cities are slower, only in part because of congestion. Urban economic development is correlated with faster speed despite worse congestion.- Reproduced | ||
| 773 | _aThe American Economic Review | ||
| 906 | _aURBAN DEVELOPMENT | ||
| 942 | _cAR | ||